00797nam a2200229 a 4500008004100000020002200041100002600063245016100089260004500250300002600295440005700321504004100378500002000419650002500439650001500464650001900479650001700498700002500515003000100540005001700541040000900558  a9027710163 (pbk.)1 aMaturana, Humberto R.10aAutopoiesis and cognition :bthe realization of the living /cHumberto R. Maturana and Francisco J. Varela ; with a pref. to "Autopoiesis" by Stafford Beer. aDordrecht, Holland :bD. Reidel,cc1980. axxx, 141 p. ;c23 cm. 0aBoston studies in the philosophy of science ;vv. 42 aIncludes bibliographical references. aIncludes index. 0aBiologyxPhilosophy. 0aCognition. 0aLife (Biology) 0aAutopoiesis.1 aVarela, Francisco J.20230123133127.0 cNUST